LIBRARY & INFORMATION CENTRE, KCAET, TAVANUR

ONLINE PUBLIC ACCESS CATALOGUE (OPAC)

Theory and problems of matrices / (Record no. 9399)

MARC details
000 -LEADER
fixed length control field 00442cam a2200169ua 4500
020 ## - INTERNATIONAL STANDARD BOOK NUMBER
ISBN 0-07-099035-2
041 ## - LANGUAGE CODE
Language code of text/sound track or separate title eng
082 ## - DEWEY DECIMAL CLASSIFICATION NUMBER
Classification number 512.9434
Item number AYR/TH
100 ## - MAIN ENTRY--AUTHOR NAME
Personal name Ayres, Frank .
245 ## - TITLE STATEMENT
Title Theory and problems of matrices /
260 ## - PUBLICATION, DISTRIBUTION, ETC. (IMPRINT)
Place of publication Singapore :
Name of publisher McGraw Hill Book Company ,
Year of publication 1983.
300 ## - PHYSICAL DESCRIPTION
Number of Pages 219 ; .
942 ## - ADDED ENTRY ELEMENTS (KOHA)
Koha item type Books
Holdings
Withdrawn status Lost status Damaged status Home library Current library Date acquired Full call number Accession Number Koha item type
      KAUAET KAUAET 07/04/2012 512.9434 16919 Books
free website counter